<?xml version="1.0" encoding="UTF-8"?>
<record
    xmlns:xsi="http://www.w3.org/2001/XMLSchema-instance"
    xsi:schemaLocation="http://www.loc.gov/MARC21/slim http://www.loc.gov/standards/marcxml/schema/MARC21slim.xsd"
    xmlns="http://www.loc.gov/MARC21/slim">

  <leader>00579nam a2200217Ia 4500</leader>
  <controlfield tag="008">180523s9999    xx            000 0 und d</controlfield>
  <datafield tag="020" ind1=" " ind2=" ">
    <subfield code="a">1595275985</subfield>
  </datafield>
  <datafield tag="050" ind1=" " ind2=" ">
    <subfield code="a">MAIN HD 69.P75</subfield>
  </datafield>
  <datafield tag="050" ind1=" " ind2=" ">
    <subfield code="b">.C36 2007</subfield>
  </datafield>
  <datafield tag="100" ind1=" " ind2=" ">
    <subfield code="a">Campbell, G. Michael.</subfield>
  </datafield>
  <datafield tag="245" ind1=" " ind2="4">
    <subfield code="a">The Complete idiot's guide to project management /</subfield>
  </datafield>
  <datafield tag="245" ind1=" " ind2="0">
    <subfield code="c">G. Michael Campbell and Sunny Baker.</subfield>
  </datafield>
  <datafield tag="250" ind1=" " ind2=" ">
    <subfield code="a">4th Edition</subfield>
  </datafield>
  <datafield tag="260" ind1=" " ind2=" ">
    <subfield code="a">New York :</subfield>
  </datafield>
  <datafield tag="260" ind1=" " ind2=" ">
    <subfield code="b">Penguin Group,</subfield>
  </datafield>
  <datafield tag="260" ind1=" " ind2=" ">
    <subfield code="c">2007</subfield>
  </datafield>
  <datafield tag="300" ind1=" " ind2=" ">
    <subfield code="a">393 pages :</subfield>
  </datafield>
  <datafield tag="300" ind1=" " ind2=" ">
    <subfield code="c">23 cm.</subfield>
  </datafield>
  <datafield tag="500" ind1=" " ind2=" ">
    <subfield code="a">Includes index.</subfield>
  </datafield>
  <datafield tag="650" ind1=" " ind2=" ">
    <subfield code="a">Project management. </subfield>
  </datafield>
  <datafield tag="999" ind1=" " ind2=" ">
    <subfield code="c">356968</subfield>
    <subfield code="d">356968</subfield>
  </datafield>
  <datafield tag="952" ind1=" " ind2=" ">
    <subfield code="0">0</subfield>
    <subfield code="1">0</subfield>
    <subfield code="4">0</subfield>
    <subfield code="a">SMC</subfield>
    <subfield code="b">SMC</subfield>
    <subfield code="c">MAIN</subfield>
    <subfield code="d">2007-06-18</subfield>
    <subfield code="g">1.00</subfield>
    <subfield code="l">0</subfield>
    <subfield code="o">MAIN HD 69.P75 .C36 2007</subfield>
    <subfield code="p">SMC03597</subfield>
    <subfield code="r">2018-05-23 00:00:00</subfield>
    <subfield code="w">2018-05-23</subfield>
    <subfield code="y">BK </subfield>
  </datafield>
</record>
